Worst U.S. State Capitals To Live In - Statistics

General Stats
  • This quiz has been taken 59 times
  • The average score is 8 of 10
Answer Stats
$ + Capital QOL % Correct
35 47 Jackson 44
95%
36 49 Baton Rouge 32
88%
23 45 Little Rock 47
88%
24 50 Montgomery 38
85%
18 31 Charleston 50
83%
44 35 Trenton 35
83%
46 19 Carson City 49
73%
28 43 Dover 48
73%
48 31 Hartford 25
66%
47 29 Providence 13
59%
No matching quizzes found
Score Distribution
Percent of People with Each Score
Percentile by Number Answered
Your Score History
You have not taken this quiz